Learning PHP, MySQL, JavaScript and CSS / (Record no. 18198)
[ view plain ]
| 000 -LEADER | |
|---|---|
| fixed length control field | 01151cam a22003257a 4500 |
| 001 - CONTROL NUMBER | |
| control field | 17823328 |
| 005 - DATE AND TIME OF LATEST TRANSACTION | |
| control field | 20201128021044.0 |
| 008 - FIXED-LENGTH DATA ELEMENTS--GENERAL INFORMATION | |
| fixed length control field | 130723t2012 cc ako fr 001 0 eng d |
| 010 ## - LIBRARY OF CONGRESS CONTROL NUMBER | |
| LC control number | 2013427099 |
| 020 ## - INTERNATIONAL STANDARD BOOK NUMBER | |
| International Standard Book Number | 9781449319267 (pbk.) |
| 020 ## - INTERNATIONAL STANDARD BOOK NUMBER | |
| International Standard Book Number | 1449319262 (pbk.) |
| 040 ## - CATALOGING SOURCE | |
| Original cataloging agency | TOH |
| Language of cataloging | eng |
| Transcribing agency | TOH |
| Modifying agency | STU |
| -- | YBM |
| -- | YDXCP |
| -- | BWX |
| -- | OCP |
| -- | CDX |
| -- | DLC |
| 082 04 - DEWEY DECIMAL CLASSIFICATION NUMBER | |
| Classification number | 005.2762 |
| Edition number | 22 |
| Item number | NIX |
| 100 1# - MAIN ENTRY--PERSONAL NAME | |
| Personal name | Nixon, Robin, |
| Dates associated with a name | 1961- |
| 245 10 - TITLE STATEMENT | |
| Title | Learning PHP, MySQL, JavaScript and CSS / |
| Statement of responsibility, etc | Robin Nixon. |
| 246 14 - VARYING FORM OF TITLE | |
| Title proper/short title | Learning PHP, MySQL, JavaScript, and CSS : |
| Remainder of title | a step-by-step guide to creating dynamic websites |
| 250 ## - EDITION STATEMENT | |
| Edition statement | 2nd ed. |
| 260 ## - PUBLICATION, DISTRIBUTION, ETC. (IMPRINT) | |
| Place of publication, distribution, etc | Beijing : |
| Name of publisher, distributor, etc | O'Reilly, |
| Date of publication, distribution, etc | c.2012. |
| 300 ## - PHYSICAL DESCRIPTION | |
| Extent | xxi, 560 p. : |
| Other physical details | forms, photographs, tables ; |
| Dimensions | 24 cm. |
| 504 ## - BIBLIOGRAPHY, ETC. NOTE | |
| Bibliography, etc | Index : p. 537-560. |
| 630 00 - SUBJECT ADDED ENTRY--UNIFORM TITLE | |
| Uniform title | MySQL (Electronic resource) |
| 9 (RLIN) | 21440 |
| 650 #0 - SUBJECT ADDED ENTRY--TOPICAL TERM | |
| Topical term or geographic name as entry element | PHP (Computer program language) |
| 9 (RLIN) | 10111 |
| 650 #0 - SUBJECT ADDED ENTRY--TOPICAL TERM | |
| Topical term or geographic name as entry element | Web site development |
| 9 (RLIN) | 11303 |
| 650 #0 - SUBJECT ADDED ENTRY--TOPICAL TERM | |
| Topical term or geographic name as entry element | JavaScript (Computer program language) |
| 9 (RLIN) | 3099 |
| 650 #0 - SUBJECT ADDED ENTRY--TOPICAL TERM | |
| Topical term or geographic name as entry element | Web sites |
| General subdivision | Design |
| 9 (RLIN) | 7205 |
| 650 #0 - SUBJECT ADDED ENTRY--TOPICAL TERM | |
| Topical term or geographic name as entry element | Cascading style sheets |
| 9 (RLIN) | 29999 |
| 653 ## - INDEX TERM--UNCONTROLLED | |
| Resource For college | Informatics and Computer Science |
| Arrived date list | March2014 |
| 655 ## - INDEX TERM--GENRE/FORM | |
| Form subdivision | |
| -- | 34232 |
| 942 ## - ADDED ENTRY ELEMENTS (KOHA) | |
| Source of classification or shelving scheme | Dewey Decimal Classification |
| Call number prefix | 005.2762 NIX |
| Withdrawn status | Item status | Source of classification or shelving scheme | Damaged status | Not for loan | Vendor | Home library | Current library | Shelving location | Date acquired | Source of acquisition | Cost, normal purchase price | Total Checkouts | Total Renewals | Full call number | Barcode | Date last seen | Date last borrowed | Cost, replacement price | Koha item type |
|---|---|---|---|---|---|---|---|---|---|---|---|---|---|---|---|---|---|---|---|
| Dewey Decimal Classification | Baccah | Central Library | Central Library | Lower Floor | 01/04/2014 | 350.00 | 1 | 1 | 005.2762 NIX | 000035854 | 15/07/2025 | 24/09/2014 | 437.50 | Book - Borrowing |